000
00308nam a2200121 a 4500
008
101025s1978|||| d
100
1
_a
Bilyk Myrnyj-Ivan, Panas
245
1
0
_a
Premrhaná sila
260
_b
Východoslovenské vydavateľstvo
_a
Košice
_c
1978
020
_c
22
041
_a
slo
044
_a
xo
_c
SK
999
_c
12206
_d
12206